| 000 | 00389 a2200169 4500 | ||
|---|---|---|---|
| 001 | 187819 | ||
| 020 | _a85-7319-214-3 | ||
| 040 | _cMagnum | ||
| 100 | _aPaulino, Graca | ||
| 240 | 1 | 0 |
_aO jogo do livro infantil _lpor |
| 245 | 1 | 0 | _aO jogo do livro infantil |
| 300 | _a148 | ||
| 362 | 0 | _a1997 | |
| 440 | 1 | _aDimensão | |
| 697 | _aEDUCAÇÃO EM GERAL E DISCIPLINAS AFINS | ||
| 942 | _cBK | ||
| 999 |
_c187819 _d187819 |
||